Statistics for Flags with Saltires

Click here to take the quiz!

General Stats

  • This quiz has been taken 39 times
  • The average score is 8 of 16

Answer Stats

Answer% Correct
Jamaica
100%
United Kingdom
100%
Scotland
97%
Burundi
82%
Jersey
68%
Spanish Empire
66%
Basque Country
61%
Rio de Janeiro
61%
Alabama
55%
Nova Scotia
42%
Fortaleza
37%
Vladivostok
26%
Empire of China
18%
Arkhangelsk
13%
Tenerife
8%
Makhanda
5%

Score Distribution

Percentile by Number Answered

Percent of People with Each Score

Your Score History

You have not taken this quiz